[Event "Barcelona Sant Marti op-B 25th"]
[Site "Barcelona"]
[Date "2025.07.16"]
[Round "4"]
[White "Calderon Tocino, Miguel"]
[Black "Vardanyan Asilbekyan, Ani"]
[Result "1-0"]
[WhiteElo "1780"]
[BlackElo "1885"]
[PlyCount "109"]
[EventDate "2025.07.13"]
[EventType "swiss"]
[EventRounds "9"]
[EventCountry "ESP"]
[SourceTitle "CB30_2025"]
[SourceDate "2025.07.23"]
[SourceVersion "1"]
[SourceVersionDate "2025.07.23"]
[SourceQuality "1"]

1. e4 c5 2. Nf3 e6 3. d4 cxd4 4. c3 dxc3 5. Nxc3 Nc6 6. Bc4 Bb4 7. 0-0 Nge7 8. Qc2 0-0 9. Rd1 a6 10. a3 Bxc3 11. bxc3 Qc7 12. e5 Nxe5 13. Be2 Nxf3+ 14. Bxf3 d5 15. Rb1 Nc6 16. Be3 b5 17. a4 Ne5 18. axb5 Nxf3+ 19. gxf3 axb5 20. Rxb5 Ba6 21. Rb4 Bc4 22. Rdb1 Qe5 23. f4 Qh5 24. Re1 Qg4+ 25. Kh1 Qf3+ 26. Kg1 f5 27. Qd1 Qh3 28. Bd4 Qh6 29. Qf3 Rae8 30. Rb7 Rf7 31. Reb1 Ree7 32. Rb8+ Rf8 33. Bc5 Rxb8 34. Rxb8+ Kf7 35. Bxe7 Kxe7 36. Qg3 Qg6 37. Rb7+ Kf6 38. Kg2 d4 39. Rc7 Bd5+ 40. Kf1 Qxg3 41. fxg3 dxc3 42. Rxc3 h5 43. Rc8 g5 44. fxg5+ Kxg5 45. Kf2 Kg6 46. Ke3 Kf6 47. Rh8 Kg6 48. Kf4 Bb3 49. h4 Bd1 50. Ke5 Bb3 51. Rb8 Bd5 52. Rd8 Bb3 53. Rd7 f4 54. gxf4 Bc2 55. Re7 1-0

[Event "Barcelona Sant Marti op-B 25th"]
[Site "Barcelona"]
[Date "2025.07.14"]
[Round "2"]
[White "Calderon Tocino, Miguel"]
[Black "Bueno Navas, Lucas"]
[Result "1-0"]
[WhiteElo "1780"]
[BlackElo "1899"]
[PlyCount "79"]
[EventDate "2025.07.13"]
[EventType "swiss"]
[EventRounds "9"]
[EventCountry "ESP"]
[SourceTitle "CB30_2025"]
[SourceDate "2025.07.23"]
[SourceVersion "1"]
[SourceVersionDate "2025.07.23"]
[SourceQuality "1"]

1. e4 c5 2. d4 cxd4 3. c3 dxc3 4. Nxc3 Nc6 5. Nf3 e6 6. Bc4 Bb4 7. 0-0 Nge7 8. Bg5 0-0 9. Rc1 a6 10. a3 Ba5 11. Bf4 b5 12. Ba2 Bb7 13. b4 Bb6 14. Bd6 Na7 15. Qe2 Nac8 16. Bf4 f5 17. exf5 Rxf5 18. Bg3 Bxf3 19. gxf3 Qf8 20. Bb1 Rh5 21. Rfd1 Nf5 22. Be4 Nxg3 23. hxg3 Ra7 24. f4 Rh6 25. Kg2 d5 26. Bd3 Re7 27. Rh1 Rxh1 28. Rxh1 g6 29. Nd1 Nd6 30. Ne3 Nc4 31. Ng4 Nxa3 32. Nh6+ Kg7 33. Qe5+ Qf6 34. Nf5+ exf5 35. Rxh7+ Kxh7 36. Qxf6 Bd8 37. Qxa6 Nc4 38. Qxb5 Nb6 39. Qc5 Re6 40. Qf8 1-0